[Event "Welcome Tournament For New Players #3"]
[Site "SchemingMind.com"]
[Date "2006.08.22"]
[Round "-"]
[White "kyx"]
[Black "Dread"]
[Result "0-1"]
[WhiteCountry "GBR"]
[BlackCountry "GER"]
[WhiteElo "1104"]
[WhiteRD "148"]
[BlackElo "1970"]
[BlackRD "80"]
[GameID "64710"]

1. d4 Nf6 2. Nf3 g6 3. Bg5 Bg7 4. Nc3 d6 5. e4 O-O 6. Bd3 c6 7. O-O Qc7 8. Re1 e5 9. dxe5 dxe5 10. Nh4 Nbd7
11. Qf3 h6 12. Be3 Kh7 13. g4 Nb6 14. g5 hxg5
0-1

[Event "Welcome Tournament For New Players #3"]
[Site "SchemingMind.com"]
[Date "2006.08.22"]
[Round "-"]
[White "kyx"]
[Black "tomh"]
[Result "1-0"]
[WhiteCountry "GBR"]
[BlackCountry "ENG"]
[WhiteElo "1104"]
[WhiteRD "157"]
[BlackElo "1461"]
[BlackRD "147"]
[GameID "64713"]

1. d4 d5 2. c4 e6 3. Nf3 Nf6 4. Nc3 Be7 5. Bg5 h6 6. Bh4 dxc4 7. e3 Nd5 8. Bxe7 Qxe7 9. Bxc4 Nxc3 10. bxc3 Nc6
11. O-O Qa3 12. Bb5
1-0

[Event "Welcome Tournament For New Players #3"]
[Site "SchemingMind.com"]
[Date "2006.08.22"]
[Round "-"]
[White "nwap"]
[Black "kyx"]
[Result "1-0"]
[WhiteCountry "ENG"]
[BlackCountry "GBR"]
[WhiteElo "1389"]
[WhiteRD "105"]
[BlackElo "1104"]
[BlackRD "148"]
[GameID "64717"]

1. e4 c5 2. Bc4 e6 3. d3 Nc6 4. Nf3 d5 5. exd5 exd5 6. Bg5 Nf6 7. Bb3 a6 8. Qe2+ Be6 9. O-O c4 10. dxc4 Be7
11. Rd1 dxc4 12. Rxd8+ Rxd8 13. Nbd2 cxb3 14. Nxb3 O-O 15. Be3 b5 16. Nc5
1-0

[Event "Welcome Tournament For New Players #3"]
[Site "SchemingMind.com"]
[Date "2006.08.22"]
[Round "-"]
[White "Coloplast"]
[Black "kyx"]
[Result "1-0"]
[WhiteCountry "SWE"]
[BlackCountry "GBR"]
[WhiteElo "1976"]
[WhiteRD "83"]
[BlackElo "1104"]
[BlackRD "148"]
[GameID "64722"]

1. c4 e5 2. Nc3 Nf6 3. g3 Bc5 4. Bg2 O-O 5. d3 Nc6 6. Nf3 d6 7. O-O Bg4 8. a3 Bxf3 9. Bxf3 Bd4 10. Qc2 Bxc3
11. Qxc3 Nd4 12. Be3 Nxf3+ 13. exf3 d5 14. Qxe5 Re8 15. Qc3
1-0

[Event "Welcome Tournament For New Players #3"]
[Site "SchemingMind.com"]
[Date "2006.08.22"]
[Round "-"]
[White "Dread"]
[Black "kyx"]
[Result "1-0"]
[WhiteCountry "GER"]
[BlackCountry "GBR"]
[WhiteElo "1970"]
[WhiteRD "80"]
[BlackElo "1104"]
[BlackRD "148"]
[GameID "64723"]

1. e4 c5 2. Nf3 d6 3. d4 cxd4 4. Nxd4 Nf6 5. Nc3 a6 6. Be2 e5 7. Nf3 Be7 8. Rg1 O-O 9. Bg5 Nc6 10. Qd2 Bg4
11. O-O-O Rc8 12. Kb1 Be6 13. Bxf6 Bxf6 14. g4 Qb6 15. g5
1-0

[Event "Welcome Tournament For New Players #3"]
[Site "SchemingMind.com"]
[Date "2006.08.22"]
[Round "-"]
[White "tomh"]
[Black "kyx"]
[Result "0-1"]
[WhiteCountry "ENG"]
[BlackCountry "GBR"]
[WhiteElo "1461"]
[WhiteRD "147"]
[BlackElo "1104"]
[BlackRD "157"]
[GameID "64726"]

1. e4 c5 2. Nf3 d6 3. d4 cxd4 4. Nxd4 Nf6 5. Nc3 a6 6. Bg5 e6 7. f4 Be7 8. Qf3 O-O 9. O-O-O Nbd7 10. Bc4 e5
11. Nf5 Nb6
0-1

[Event "Welcome Tournament For New Players #3"]
[Site "SchemingMind.com"]
[Date "2006.08.22"]
[Round "-"]
[White "behindcurtain3"]
[Black "kyx"]
[Result "0-1"]
[WhiteCountry "USA"]
[BlackCountry "GBR"]
[WhiteElo "1187"]
[WhiteRD "177"]
[BlackElo "1104"]
[BlackRD "157"]
[GameID "64729"]

1. e4 c5 2. Nf3 d6 3. Nc3 Nc6 4. d4 cxd4 5. Nxd4 Nf6 6. Be3 a6 7. f3 e6 8. Qd2 Be7 9. O-O-O O-O 10. Bc4 b5
11. Nxc6 Qc7 12. Nxe7+ Qxe7
0-1

[Event "Welcome Tournament For New Players #3"]
[Site "SchemingMind.com"]
[Date "2006.08.23"]
[Round "-"]
[White "NELSON DALIGCON"]
[Black "nwap"]
[Result "0-1"]
[WhiteCountry "PHI"]
[BlackCountry "ENG"]
[WhiteElo "1242"]
[WhiteRD "134"]
[BlackElo "1428"]
[BlackRD "91"]
[GameID "64889"]

1. e4 e5 2. d4 Bb4+ 3. c3 Bd6 4. Bc4 Nf6 5. f3 O-O 6. Ne2 c5 7. dxe5 Bxe5 8. O-O Qc7 9. f4 Bd6 10. e5 Bxe5
11. fxe5 Qxe5 12. Bf4 Qe7 13. Bg5 d5 14. Bxd5 Qe5 15. Bxf6 gxf6 16. Rf3 Nc6 17. Na3 Bg4 18. Rg3 f5 19. h3 Ne7 20. Bf3 Rad8
21. Qc1 Rd3 22. hxg4 Ng6 23. gxf5 Qxf5 24. Nf4 Rd6 25. Nxg6 hxg6 26. Qh6 Re8 27. Rg5 Qd7 28. Nc4 Rde6
0-1

[Event "Welcome Tournament For New Players #3"]
[Site "SchemingMind.com"]
[Date "2006.08.23"]
[Round "-"]
[White "NELSON DALIGCON"]
[Black "unbreakable"]
[Result "0-1"]
[WhiteCountry "PHI"]
[BlackCountry "FRA"]
[WhiteElo "1242"]
[WhiteRD "145"]
[BlackElo "1758"]
[BlackRD "109"]
[GameID "64892"]

1. e4 c5 2. d4 cxd4 3. c3 dxc3 4. Bc4 e6 5. Ne2 Nc6 6. Nbxc3 d6 7. O-O Nf6 8. Ng3 Be7 9. Qe2 a6 10. Rd1 Qc7
11. Be3 b5 12. Bd3 Bb7 13. Rac1 Qb8 14. Bg5 O-O 15. Bb1 b4 16. Na4 Qc7 17. Bxf6 Bxf6 18. Nh5 Be7 19. e5 dxe5 20. Rd3 Qa5
21. b3 Nd4 22. Qg4 g6 23. Rc7 Qxc7 24. Rd1 f5 25. Qh3 Ne2+ 26. Kf1 Nf4 27. Nxf4 exf4 28. Nb2 Rad8
0-1

[Event "Welcome Tournament For New Players #3"]
[Site "SchemingMind.com"]
[Date "2006.08.23"]
[Round "-"]
[White "NELSON DALIGCON"]
[Black "invacuo"]
[Result "0-1"]
[WhiteCountry "PHI"]
[BlackCountry "USA"]
[WhiteElo "1242"]
[WhiteRD "142"]
[BlackElo "1361"]
[BlackRD "143"]
[GameID "64893"]

1. e4 c5 2. d4 cxd4 3. c3 dxc3 4. Nxc3 Nc6 5. Nf3 d6 6. Bc4 Nh6 7. O-O a6 8. Qe2 b5 9. Bb3 g6 10. e5 dxe5
11. Nxe5 Nxe5 12. Qxe5 f6 13. Qe4 Bf5 14. Qc6+ Bd7 15. Qf3 Rb8 16. Bf4 Rc8 17. h3 e5 18. Bxh6 Bxh6 19. Rad1 Qb6
0-1

[Event "Welcome Tournament For New Players #3"]
[Site "SchemingMind.com"]
[Date "2006.08.23"]
[Round "-"]
[White "NELSON DALIGCON"]
[Black "Coloplast"]
[Result "0-1"]
[WhiteCountry "PHI"]
[BlackCountry "SWE"]
[WhiteElo "1267"]
[WhiteRD "137"]
[BlackElo "1984"]
[BlackRD "78"]
[GameID "64894"]

1. e4 c5 2. d4 cxd4 3. c3 dxc3 4. Bc4 e6 5. Ne2 Nc6 6. Nbxc3 Bb4 7. O-O Nge7 8. f4 a6 9. a3 Bc5+ 10. Kh1 b5
11. Ba2 Bb7 12. Ng3 Qb6 13. f5 Bd4 14. fxe6 dxe6 15. Qf3 Ne5 16. Qh5 N7g6 17. Nce2 Rd8 18. Nxd4 Qxd4 19. Bg5 Rd7 20. Rad1 Qxb2
21. Rxd7 Nxd7 22. Bb1 Nde5
0-1

[Event "Welcome Tournament For New Players #3"]
[Site "SchemingMind.com"]
[Date "2006.08.23"]
[Round "-"]
[White "NELSON DALIGCON"]
[Black "Dread"]
[Result "0-1"]
[WhiteCountry "PHI"]
[BlackCountry "GER"]
[WhiteElo "1425"]
[WhiteRD "160"]
[BlackElo "1895"]
[BlackRD "83"]
[GameID "64895"]

1. d4 Nf6 2. c4 g6 3. Nc3 d6 4. e4 Bg7 5. f3 c6 6. Be3 O-O 7. Bd3 e5 8. Nge2 Nbd7 9. Qd2 exd4 10. Nxd4 Re8
11. h4 Nc5 12. Bc2 d5 13. cxd5 cxd5 14. O-O-O dxe4 15. Bh6 Bd7 16. Bxg7 Kxg7 17. h5 e3 18. Qe2 Nxh5 19. g4 Ng3 20. Qh2 Nxh1
21. Rxh1 h5 22. gxh5 Qf6 23. hxg6 Rh8 24. Qg2 Qxd4 25. gxf7+ Kf8 26. Rd1 Qe5 27. Rd5 Qf4 28. Ne2 Qh2 29. Qg6 Rc8 30. Rg5 Ne6
31. Rg2 Qh7 32. Qxh7 Rxh7 33. Nc3 Rh1+ 34. Bd1 Kxf7 35. Kc2 Nf4 36. Rg5 e2
0-1

[Event "Welcome Tournament For New Players #3"]
[Site "SchemingMind.com"]
[Date "2006.08.23"]
[Round "-"]
[White "NELSON DALIGCON"]
[Black "tomh"]
[Result "1-0"]
[WhiteCountry "PHI"]
[BlackCountry "ENG"]
[WhiteElo "1242"]
[WhiteRD "134"]
[BlackElo "1461"]
[BlackRD "144"]
[GameID "64898"]

1. d4 d5 2. c4 e6 3. Nc3 Nf6 4. Nf3 Be7 5. e3 O-O 6. Bd3 Bb4 7. a3 Bxc3+ 8. bxc3 dxc4 9. Bxc4 Nc6 10. Qc2 Qd6
11. O-O Rd8 12. e4 e5 13. d5
1-0

[Event "Welcome Tournament For New Players #3"]
[Site "SchemingMind.com"]
[Date "2006.08.23"]
[Round "-"]
[White "NELSON DALIGCON"]
[Black "kyx"]
[Result "1-0"]
[WhiteCountry "PHI"]
[BlackCountry "GBR"]
[WhiteElo "1242"]
[WhiteRD "142"]
[BlackElo "1104"]
[BlackRD "160"]
[GameID "64901"]

1. d4 Nf6 2. c4 c5 3. d5 b5 4. cxb5 a6 5. bxa6 Bxa6 6. Nc3 g6 7. Nf3 d6 8. e4 Bg7 9. Bd3 O-O 10. O-O Nbd7
11. h3 Qc7 12. Be3 Rfb8 13. Rb1 Nh5 14. a3 Qa5 15. g4 Bxc3 16. gxh5 Bxd3 17. Qxd3 Bxb2 18. hxg6 hxg6 19. e5 Nxe5 20. Nxe5 Bxe5
21. Rxb8+ Rxb8 22. f4 Bb2 23. f5
1-0

[Event "Welcome Tournament For New Players #3"]
[Site "SchemingMind.com"]
[Date "2006.08.23"]
[Round "-"]
[White "NELSON DALIGCON"]
[Black "behindcurtain3"]
[Result "1-0"]
[WhiteCountry "PHI"]
[BlackCountry "USA"]
[WhiteElo "1242"]
[WhiteRD "138"]
[BlackElo "1187"]
[BlackRD "177"]
[GameID "64902"]

1. e4 c5 2. d4 cxd4 3. c3 Nf6 4. e5 Nd5 5. Bc4 e6 6. cxd4 Nb6 7. Bb3 Be7 8. Qg4 g6 9. Bh6 d5 10. Nc3 Nc6
11. Nge2 Nb4 12. O-O-O
1-0

[Event "Welcome Tournament For New Players #3"]
[Site "SchemingMind.com"]
[Date "2006.08.23"]
[Round "-"]
[White "nwap"]
[Black "NELSON DALIGCON"]
[Result "0-1"]
[WhiteCountry "ENG"]
[BlackCountry "PHI"]
[WhiteElo "1149"]
[WhiteRD "137"]
[BlackElo "1486"]
[BlackRD "230"]
[GameID "64903"]

1. e4 e5 2. Nf3 f5 3. exf5 Nc6 4. Qe2 d6 5. Nc3 Bxf5 6. d3 Nf6 7. Nh4 Nd4 8. Qd2 Be7 9. Nxf5 Nxf5 10. Qg5 Qd7
11. g4 Nd4 12. h3 Nxc2+ 13. Kd1 Nxa1 14. Qxg7 Rg8 15. Qxh7 O-O-O 16. Qh6 Qc6 17. Bd2 d5 18. b3 d4
0-1

[Event "Welcome Tournament For New Players #3"]
[Site "SchemingMind.com"]
[Date "2006.08.24"]
[Round "-"]
[White "unbreakable"]
[Black "NELSON DALIGCON"]
[Result "1-0"]
[WhiteCountry "FRA"]
[BlackCountry "PHI"]
[WhiteElo "1758"]
[WhiteRD "109"]
[BlackElo "1242"]
[BlackRD "145"]
[GameID "64906"]

1. e4 e5 2. f4 d5 3. exd5 Qxd5 4. Nc3 Qe6 5. Nf3 exf4+ 6. Be2 Bc5 7. d4 Bd6 8. O-O Nf6 9. Bb5+ Kf8 10. d5 Qg4
11. h3 Qg3 12. Bd2 Bxh3 13. Qe2 Bf5 14. Nd4 Bg4 15. Qe1 Qxe1 16. Bxe1 a6 17. Bd3 Nbd7 18. Nf5 Bc5+ 19. Bf2 Bxf2+ 20. Rxf2 Bxf5
21. Bxf5 g5 22. Re1 Nb6 23. Rd1 Kg7 24. d6 cxd6 25. Rxd6 Nc4 26. Rd1 Ne3 27. Rd6 Nc4 28. Rd1= Rhd8 29. Rxd8
1-0

[Event "Welcome Tournament For New Players #3"]
[Site "SchemingMind.com"]
[Date "2006.08.23"]
[Round "-"]
[White "Coloplast"]
[Black "NELSON DALIGCON"]
[Result "1-0"]
[WhiteCountry "SWE"]
[BlackCountry "PHI"]
[WhiteElo "1796"]
[WhiteRD "137"]
[BlackElo "1425"]
[BlackRD "160"]
[GameID "64908"]

1. c4 Nf6 2. Nc3 g6 3. g3 Bg7 4. Bg2 O-O 5. d4 c6 6. Bf4 d5 7. cxd5 cxd5 8. Qb3 Nc6 9. e3 e6 10. Nge2 Nh5
11. Bf3 Nf6 12. h4 Na5 13. Qc2 Bd7 14. h5 Nxh5 15. Bxh5 gxh5 16. Rxh5 Rc8 17. Qxh7#
1-0

[Event "Welcome Tournament For New Players #3"]
[Site "SchemingMind.com"]
[Date "2006.08.23"]
[Round "-"]
[White "Dread"]
[Black "NELSON DALIGCON"]
[Result "1-0"]
[WhiteCountry "GER"]
[BlackCountry "PHI"]
[WhiteElo "1895"]
[WhiteRD "83"]
[BlackElo "1425"]
[BlackRD "160"]
[GameID "64909"]

1. e4 e5 2. Nf3 f5 3. Nxe5 Qf6 4. d4 d6 5. Nf3 fxe4 6. Qe2 d5 7. Ne5 Bd6 8. Nc3 Bxe5 9. dxe5 Qxe5 10. f4 Qe6
11. Qh5+ g6 12. Qxd5 Nf6 13. Qc5 Nbd7 14. Qxc7 Qc6 15. Nb5 a6 16. Qxc6 bxc6 17. Nc7+ Kd8 18. Nxa8 Bb7 19. Bd2 Bxa8 20. Bxa6 Re8
21. O-O-O c5 22. Bc3 Kc7 23. Ba5+ Nb6 24. Bxb6+
1-0

[Event "Welcome Tournament For New Players #3"]
[Site "SchemingMind.com"]
[Date "2006.08.23"]
[Round "-"]
[White "tomh"]
[Black "NELSON DALIGCON"]
[Result "0-1"]
[WhiteCountry "ENG"]
[BlackCountry "PHI"]
[WhiteElo "1461"]
[WhiteRD "144"]
[BlackElo "1242"]
[BlackRD "134"]
[GameID "64912"]

1. e4 e5 2. Nf3 f5 3. Nxe5 Qf6 4. Nc4 fxe4 5. Nc3 Qg6 6. Nd5 Na6 7. Nce3 c6 8. Bxa6 cxd5 9. Nxd5 bxa6 10. Nc7+ Kd8
11. Nxa8 Qxg2
0-1

[Event "Welcome Tournament For New Players #3"]
[Site "SchemingMind.com"]
[Date "2006.08.23"]
[Round "-"]
[White "kyx"]
[Black "NELSON DALIGCON"]
[Result "0-1"]
[WhiteCountry "GBR"]
[BlackCountry "PHI"]
[WhiteElo "1104"]
[WhiteRD "157"]
[BlackElo "1242"]
[BlackRD "138"]
[GameID "64915"]

1. d4 d5 2. c4 e6 3. Nf3 Nf6 4. Nc3 c6 5. e3 dxc4 6. Bxc4 Bd6 7. O-O b5 8. Bd3 Bb7 9. e4 Be7 10. d5 a6
11. Ne5 exd5 12. exd5 cxd5 13. Re1 O-O 14. Bg5 Nbd7 15. Bc2 Nxe5 16. Rxe5 Qc7 17. Qd3 g6
0-1

[Event "Welcome Tournament For New Players #3"]
[Site "SchemingMind.com"]
[Date "2006.08.24"]
[Round "-"]
[White "behindcurtain3"]
[Black "NELSON DALIGCON"]
[Result "0-1"]
[WhiteCountry "USA"]
[BlackCountry "PHI"]
[WhiteElo "1187"]
[WhiteRD "177"]
[BlackElo "1242"]
[BlackRD "138"]
[GameID "64916"]

1. c4 Nf6 2. Nc3 g6 3. d4 Bg7 4. e4 d6 5. f3 O-O 6. Be3 Nbd7 7. Bd3 c6 8. Nge2 e5 9. O-O exd4 10. Bxd4 c5
11. Be3 a6
0-1